000
00311nam a22001217a 4500
041
_a
English
082
_a
954.9266 MCC
100
_a
McCahill, Fr. Bob
245
_a
I am Indeed Their Brother: Loving and Serving Allah's Poor
260
_a
Gujarat
_b
Gujarat Sahitya Prakash
_c
2018
300
_a
158
942
_c
BK
999
_c
20960
_d
20960